00846nam a22002537a 4500003000500000005001700005008004100022010001000063011001000073035001000083040000900093082001700102100001800119245014800137260006000285300001100345490004500356534005900401650002500460650002400485650001600509700002200525830004500547CHAP20220329141126.0971010s1973 mx r 00010 spa d a63018 a63990 a68956 cCHAP a301.444bF7y00aFromm, Erich.10aSociopsicoanálisis del campesino mexicano :bestudio de la economía y la psicología de una Comunidad ruralc/por Erich Fraomm y Michael m aMéxico, D. F. :bFondo de Cultura Económicca,c1973 a395 p. aBiblioteca de psicologia psicoanálisis pTit. original :tSocial chatacter in a mexican village14aPsicología social.14aSociología rural.14aVida rural.0 aMaccoby, Michael.0 aBiblioteca de psicologia psicoanálisis